00751nam a2200241Ia 450000500170000000800410001702000230005804000190008104100120010008200170011210000150012924500650014426000390020930000300024850400340027863000110031265000110032365100240033485000100035894200070036899900160037595201180039120240228113908.0131103s9999 xx 000 0 und d a014021916 1c50 p. aLoreto College aEnglish a301.42 bLAI aLaing,R.D. 4aThe Politics of the Family band Other Essays, cR.D.Laing aHarmondsworthbPenguin Booksc1971 a119 p.b ill.,fig.,tables aIncludes references and index aFamily aFamily aMarriage and Family aLCLIB cBK c3075d53554 00102ddc4070aMAINbMAINd2013-11-04l1o301.42 LAI 27801pB2937r2022-07-22s2022-07-12w2013-11-04yBKf